| 000 | 00388nam a2200145Ia 4500 | ||
|---|---|---|---|
| 008 | 150201s2008 xx 000 0 und d | ||
| 082 |
_a614 _bM08W |
||
| 100 | _aWALLACE, ROBERT B. | ||
| 245 | _aMAXCY - ROSENAU LAST PUBLIC HEALTH & PREVENTIVE MEDICINE | ||
| 250 | _a15TH | ||
| 260 |
_bMC GRAW HILL _aNEW YORK _c2008 |
||
| 300 | _a1-1367 | ||
| 650 | _aCOMMUNITY MEDICINE | ||
| 942 |
_2ddc _cBK |
||
| 999 |
_c1621 _d1621 |
||